Optimalizácia podmienok in vitro experimentu na štúdium možnej syntézy melatonínu v gastrointestinálnom systéme u potkana

Bibliographic Details
Main Authors: Monošíková, Jana (Author), Zeman, Michal, 1952- (Author), Herichová, Iveta, 1971- (Author)
Format: Article
Language:Slovak
Subjects:

MARC

LEADER 00000nab a2200000 a 4500
001 vtls000887741
003 SK-MaSNL
005 20260304021546.0
008 161006c2004 xo 0 slo
015 |a SNBRA2004/10-29753 
035 |a CLN000239176 
040 |a SNKBUCL  |b slo  |c SNKBUCL  |e AACR2 
041 0 |a slo 
044 |a xo  |c SK 
080 |a 579.222:57.085.2:543.632.562:599.323.4  |2 1997 
080 |a 599.323.4  |2 1997 
080 |a 543.632.562  |2 1997 
080 |a 57.085.2  |2 1997 
100 1 |a Monošíková, Jana  |4 aut  |9 832854 
245 1 0 |a Optimalizácia podmienok in vitro experimentu na štúdium možnej syntézy melatonínu v gastrointestinálnom systéme u potkana  |c Jana Monošíková, Iveta Herichová, Michal Zeman 
300 |b Tab. 
504 |a Bibliogr. odkazy 
650 0 7 |a potkany  |2 snkbucl  |9 19439 
650 0 7 |a trakt gastrointestinálny  |2 snkbucl  |9 870998 
650 0 7 |a melatonín  |2 snkbucl  |9 17654 
655 7 |a články z novín a časopisov  |2 snkbucl  |9 267496 
700 1 |a Zeman, Michal,  |d 1952-  |4 aut  |9 252696 
700 1 |a Herichová, Iveta,  |d 1971-  |4 aut  |9 207997 
773 0 |z 8089186009  |t Študentská vedecká konferencia. 1. zväzok  |d Bratislava : Univerzita Komenského, 2004  |g S. 59-61 
850 |a Slovenská národná knižnica v Martine 
852 |a SNK  |b KIS3GCP 
958 |a NB 
958 |a RBX 
999 |c 2606607  |d 2608537